Responses for show #4799 - Thursday, June 16, 2005

Contestants

[<< previous game]

Yeechang Lee, an equity analyst originally from the Bronx, New York

Kammy McCleery, a coordinator of experiential education and student employment from Lexington, Kentucky

Missy Carlson, a teacher and a speech coach from Naperville, Illinois (whose 1-day cash winnings total $23,300)

[next game >>]

Jeopardy! Round responses

WHERE HISTORY HAPPENED
TITLE FILM ANIMALS
(Alex: You have to tell us what kind of animal each one is.)
WRITERS AT REST
HEY, THAT'S "GREAT"!
SOCIAL TYPES
ONE-WORD IMPERATIVES
    $200 28
the United Nations

Missy
    $200 5
a dog

Yeechang
    $200 25
Gertrude Stein

Yeechang
    $200 11
the Great Wall of China

Kammy
    $200 29
Bridezilla

Kammy
    $200 1
Fire!

Yeechang
    $400 27
(Yeechang: What is Bethlehem?)

Nazareth

MissyYeechang
    $400 7
a mule

Missy
    $400 26
Thomas Wolfe

Kammy
    $400 12
The Great Gatsby

Missy
    $400 30
England

Kammy
    $400 15
Dance!

Missy
    $600 23
Baghdad

Yeechang
    $600 8
a horse

Kammy
    $600 24
Dashiell Hammett

Missy
    $600 13
Great Falls

Yeechang
    $600 21
[NOTE: After this game's taping, the episode of The Simpsons aired 2005-02-06 revealed Comic Book Guy's name to be Jeff Albertson.]

Comic Book Guy

Yeechang
    $600 16
Push!

Kammy
    $1,200 3
Manila Bay

Yeechang
    $800 9
mice

Missy
    $800 22
Pearl Buck

Kammy
    $800 14
The Great Dictator

Missy
    $800 20
a foodie

Triple Stumper
    $800 17
Sing!

Triple Stumper
    $1000 2
(Kammy: Who is William Wallace?)

Robert the Bruce

KammyYeechang
    $1000 10
a kangaroo

Triple Stumper
    $1000 6
Mary Shelley

Missy
    $1000 4
the Great Schism

Missy
    $1000 19
bean counter

Kammy
    $1000 18
Go!

Yeechang

Scores at the first commercial break (after clue 15):

Missy Kammy Yeechang
$4,800 -$200 $3,200

Scores at the end of the Jeopardy! Round:

Missy Kammy Yeechang
$6,000 $3,200 $5,200

Double Jeopardy! Round responses

ART LECTURE
THE FIRST MODERN OLYMPICS
JUST DESSERTS
CROSSWORD CLUES "M"
YOU GO URUGUAY
I'LL GO MINE
    $400 1
the Renaissance

Missy
    $400 3
0

Missy
    $400 7
a jelly roll

Missy
    $400 12
millennium

Missy
    $400 26
(Kammy: What is a star?)

a sun

MissyKammy
    $400 17
a quarry

Yeechang
    $800 2
the Trinity

Yeechang
    $800 22
the triple jump

Missy
    $800 8
crème brulée

Kammy
    $800 13
matte

Kammy
    $800 27
an armadillo

Kammy
    $800 18
coal

Missy
    $1200 4
Egypt

Kammy
    $1200 23
the marathon

Missy
    $1200 9
shoo-fly pie

Kammy
    $1200 14
meerschaum

Triple Stumper
    $1200 28
Spanish & Portuguese

Missy
    $1200 19
Tin

Missy
    $1600 5
(Yeechang: Who is Rockwell?)

(Edward) Hopper

KammyYeechang
    $1,600 24
the 100 meter dash

Missy
    $1600 10
a yule log (Christmas log accepted)

Kammy
    $1600 15
Mortise

Kammy
    $800 29
(Missy: What is Portugal?)

Switzerland

Missy
    $1600 20
star sapphires

Triple Stumper
    $2000 6
(Alex: Vanity, all is vanity!)

vanitas

Triple Stumper
    $2000 25
(Missy: You say that well.)
(Alex: Thank you.)

Baron Pierre de Coubertin

Triple Stumper
    $2000 11
(Kammy: What is tiramisu?)
...
(Alex: If you haven't tried it yet, you'll love it. What is [*]?)

zabaglione

Kammy
Triple Stumper
    $2000 16
mudpuppy

Triple Stumper
    $2000 21
graphite

Missy

Scores at the end of the Double Jeopardy! Round:

Missy Kammy Yeechang
$16,000 $10,400 $4,800

[wagering suggestions for these scores]

Final Jeopardy! Round responses

HISTORIC BUSINESSMEN
(Alex: [To Kammy] Yes. That pottery, very fragile. He was tired of seeing it broken.)
YeechangWho is Waterford
$0
KammyWho is Wedge wood?
$2,000
MissyWho is Waterford?
$5,000
Wedgwood

Final scores:

Missy Kammy Yeechang
$11,000 $12,400 $4,800
2nd place: $2,000 New champion: $12,400 3rd place: $1,000

Game dynamics:

Coryat scores:

Missy Kammy Yeechang
$16,800 $10,400 $4,400
22 R
(including 1 DD),
1 W
(including 1 DD)
16 R,
3 W
11 R
(including 1 DD),
2 W

Combined Coryat: $31,600

The J! Archive is created by fans, for fans. The Jeopardy! game show and all elements thereof, including but not limited to copyright and trademark thereto, are the property of Jeopardy Productions, Inc. and are protected under law. This website is not affiliated with, sponsored by, or operated by Jeopardy Productions, Inc. Join the discussion at JBoard.tv.